000 00350nam a2200133Ia 4500
008 240624s9999 xx 000 0 und d
041 _aeng
082 _a658.15244 COY
100 _aCOYLE BRIAN
245 _aCASH FLOW FORECASTING AND LIQUIDITY
260 _c2000
_aUnited Kingdom
_bCIB Publishing
300 _a130 : p. : cm. ; 23
365 _cRS
_b25
999 _c23548
_d23548